000 01432nam a2200385 a 4500
001 59640
003 CO-BoRNBP
005 20260120164044.0
007 ta
008 231002s2018 ck ao gr 000 0 spa d
020 _a9789585600911
040 _aCO-BoBLA
_bspa
_cCO-BoBLA
_erda
041 0 _aspa
082 0 4 _a641.5
_bV34d
_221
100 1 _aVega González, Juan Luis.
_966159
245 1 0 _aDel campo a la mesa /
_ctextos Juan Luis Vega G., Vanessa Escobar R., Julián Estrada O. ; ilustraciones Gloria María Mora G., Alejandra Vélez Giraldo ; edición Lina Mejía Correa.
250 _aQuinta edición.
264 1 _aMedellín :
_bFundación Secretos para contar,
_c2018.
300 _a183 páginas :
_bilustraciones, fotografías ;
_c27 cm.
336 _atexto
_btxt
_2rdacontent
337 _asin mediacion
_bn
_2rdamedia
338 _avolumen
_bnc
_2rdacarrier
490 1 _aSecretos para contar
504 _aIncluye bibliografía.
650 7 _aPreparación de alimentos en el hogar.
_2BLAAUTO
_966160
650 7 _aCocina.
_2BLAAUTO
650 7 _aCultivos.
_2BLAAUTO
_959919
700 1 2 _aEscobar Rodríguez, Vanessa,
_eautora
_eeditora
_966161
700 1 2 _aEstrada O., Julián,
_eautor
_966162
700 1 2 _aMora González, Gloria María,
_eilustradora
_966163
700 1 2 _aVélez Giraldo, Alejandra,
_eilustradora
_965623
700 1 2 _aMejía Correa, Lina,
_eeditora
_966164
942 _2ddc
_cBK
949 _ac
_bn
999 _c59640
_d59640